000 00574nam a2200241Ia 4500
005 20260306150617.0
008 008 260114s9999 xx 000 0 eng d
020 _a9780520348936
037 _aEbook
040 _aCRL
040 _beng
040 _cCRL
041 _2eng
041 _aeng
084 _qCRL
245 0 _aBasic Processes of Gaseous Electronics
260 _bUniversity of California Press
260 _c1955
650 _aPhysics
856 _uhttps://www.degruyter.com/isbn/9780520348936
942 _cEBOOK
999 _c1698140
_d1698140